000 00739nam a2200205Ia 4500
001 8464
003 GE_BSU
008 181216s||||||||xx |||||||||||||| ||und||
040 _cGE_BSU
245 _aკარიბჭე №26(242)19.12.2013-1.01.2014
245 _bმართლმადიდებლური ჟურნალი.
245 _cმთავარი რედაქტორი: თამარ მამაცაშვილი.
260 _aთბილისი.
260 _c2013.
300 _a78გვ;29სმ.
520 _aგამოდის ყოველ მეორე ხუთშაბათს
653 _aკარიბჭე.
653 _aპერიოდიკა
942 _cCR
999 _c41783
_d41783